000
00317nam a22001337a 4500
008
170526b xxu||||| |||| 00| 0 eng d
020
_a
012175460
041
_a
eng
080
_a
621.3
100
_a
25
101
_a
IM
245
_a
AC POWER CONDITIONERS DEISIGN AND APPLICATIONS
_c
CLARK.J.W
942
_2
udc
_c
BK
999
_c
14321
_d
14321